• 首页
  • 本馆介绍
  • 公告通知
  • 最新文献
  • 馆藏检索
  • 电子资源
  • 读者导购
  • 参考咨询
  • 我的图书馆
  • 登录
  • 详细信息显示
  • 放入我的书架
  • 预约/预借图书
  • 作者相关作品
  • 分类相关作品
  • 丛书相关作品
  • 出版社相关作品

书目信息

  • 表格格式
  • 工作单格式
  • 卡片格式
题名:
致我们正在消逝的文化印记
    
 
作者: 阎晓明, 主编
分册:   戏曲乡音
出版信息: 北京   中国广播影视出版社  2018
页数: 194页
开本: 19cm
丛书名:
单 册:
中图分类: G122 , J825
科图分类:
主题词: 中华文化--zhong hua wen hua--研究 , 地方戏--di fang xi--介绍--中国
电子资源:
ISBN: 978-7-5043-8007-4
000 01331cam 2200277 450
001 012001004714
005 20140125081945.0
010    @a978-7-5043-8007-4@dCNY35.00
099    @aCAL 012018043634
100    @a20180314d2018 em y0chiy50 ea
101 0  @achi
102    @aCN@b110000
105    @aa z 000yy
106    @ar
200 1  @a致我们正在消逝的文化印记@Azhi wo men zheng zai xiao shi de wen hua yin ji@i戏曲乡音@f阎晓明主编
210    @a北京@c中国广播影视出版社@d2018
215    @a194页@c彩图@d19cm
330    @a本书为丛书《致我们正在消逝的文化印记》中的一本,本册为戏曲乡音,共分为五章:孤独乾旦、诗意昆曲、寂寞二人台、快乐彩调、风光花鼓戏,讲述了五种有代表性的地方戏剧。其中京剧和昆曲已经是我国的代表戏剧,体现了民族特色和深厚的文化底蕴。书中介绍了这些地方戏曲的由来、发展和当下的传承情况,地方戏曲体现了浓厚的民间特色,具有地方代表性,是深受大众喜爱的戏剧形式。本书从对我国优良的民间文化追述和传承的角度讲述了民间戏曲和风俗习惯。本书主编阎晓明现任国家新闻出版广电总局党组成员,中央人民广播电台分党组书记、台长。
517 1  @a戏曲乡音@Axi qu xiang yin
606 0  @a中华文化@Azhong hua wen hua@x研究
606 0  @a地方戏@Adi fang xi@x介绍@y中国
690    @aG122@v5
690    @aJ825@v5
701  0 @a阎晓明,@Ayan xiao ming@f1962-@4主编
801  0 @b江苏凤凰@c20191020
905    @b1239242-5@dG122@e303@f4
    
    致我们正在消逝的文化印记.戏曲乡音/阎晓明主编.-北京:中国广播影视出版社,2018
    194页:彩图;19cm
    
    
    ISBN 978-7-5043-8007-4:CNY35.00
    本书为丛书《致我们正在消逝的文化印记》中的一本,本册为戏曲乡音,共分为五章:孤独乾旦、诗意昆曲、寂寞二人台、快乐彩调、风光花鼓戏,讲述了五种有代表性的地方戏剧。其中京剧和昆曲已经是我国的代表戏剧,体现了民族特色和深厚的文化底蕴。书中介绍了这些地方戏曲的由来、发展和当下的传承情况,地方戏曲体现了浓厚的民间特色,具有地方代表性,是深受大众喜爱的戏剧形式。本书从对我国优良的民间文化追述和传承的角度讲述了民间戏曲和风俗习惯。本书主编阎晓明现任国家新闻出版广电总局党组成员,中央人民广播电台分党组书记、台长。
●
相关链接 在E读中查询图书 在五车中查询图书 在当当中查询图书 在豆瓣中查询图书


正题名:致我们正在消逝的文化印记     索取号:G122/303         预约/预借

序号 登录号 条形码 馆藏地/架位号 状态 备注
1 1239242   212392427   第一样本阅览室/ [索取号:G122/303] 在馆    
2 1239243   212392436   教育系资料室/ [索取号:G122/303] 在馆    
3 1239244   212392445   教育系资料室/ [索取号:G122/303] 在馆    
4 1239245   212392454   第四借阅区/ [索取号:G122/303] 在馆    
唐山师范学院图书馆 欢迎您!
大连网信软件有限公司© 版权所有